Leslie Mann Movies - Statistics

General Stats
  • This quiz has been taken 2 times
  • The average score is 9 of 14
Answer Stats
Release Year Costars Movie % Correct
1999 Adam Sandler, Kristy Swanson Big Daddy
100%
2009 Jim Carrey, Ewan McGregor I Love You Phillip Morris
100%
1996 Bruce Willis, Bruce Dern Last Man Standing
100%
1996 Jim Carrey, Jack Black The Cable Guy
100%
2015 Christina Applegate, Chris Hemsworth Vacation
100%
2008 Owen Wilson, Josh Peck Drillbit Taylor
50%
1997 Brendan Fraser, Thomas Haden Church George of the Jungle
50%
2007 Seth Rogen, Paul Rudd Knocked Up
50%
2011 Jesse Eisenberg, Anne Hathaway Rio
50%
2013 Katie Chang, Emma Watson The Bling Ring
50%
2022 Karen Gillan, Pedro Pascal The Bubble
50%
2016 Robert De Niro, Harvey Keitel The Comedian
50%
2014 Ty Burrell, Max Charles Mr. Peabody & Sherman
0%
2020 Nicolas Cage, Emma Stone The Croods: A New Age
0%
No matching quizzes found
Score Distribution
Percent of People with Each Score
Percentile by Number Answered
Your Score History
You have not taken this quiz